[La sourde / (Record no. 154872)
[ view plain ]
| 000 -LEADER | |
|---|---|
| campo de control de longitud fija | 00694nam a2200193 i 4500 |
| 001 - NÚMERO DE CONTROL | |
| campo de control | 154872 |
| 003 - IDENTIFICADOR DE NÚMERO DE CONTROL | |
| campo de control | ES-MaACL |
| 005 - FECHA Y HORA DE LA ÚLTIMA TRANSACCIÓN | |
| campo de control | 20230906205902.0 |
| 008 - DATOS DE LONGITUD FIJA--INFORMACIÓN GENERAL | |
| campo de control de longitud fija | 040721s1895 fr a |||| | fre d |
| 040 ## - FUENTE DE CATALOGACIÓN | |
| Centro catalogador/agencia de origen | CAM |
| Lengua de catalogación | spa |
| Centro/agencia transcriptor | CAM |
| 100 1# - ENTRADA PRINCIPAL--NOMBRE DE PERSONA | |
| Nombre de persona | Guesviller, Gustave. |
| 9 (RLIN) | 60602 |
| 245 13 - MENCIÓN DEL TÍTULO | |
| Título | [La sourde / |
| Mención de responsabilidad, etc. | par Gustave Guesviller; illustrations de M. Vauzanges]. |
| 260 ## - PUBLICACIÓN, DISTRIBUCIÓN, ETC. | |
| Lugar de publicación, distribución, etc. | [Paris : |
| Nombre del editor, distribuidor, etc. | Monde Illustré, |
| Fecha de publicación, distribución, etc. | s.a.] |
| 300 ## - DESCRIPCIÓN FÍSICA | |
| Extensión | 16 p. : |
| Otras características físicas | il. ; |
| Dimensiones | 31 cm. |
| 594 ## - Nota al título y mención de responsabilidad | |
| Nota al título y mención de responsabilidad | Datos tomados de pag.1. |
| 596 ## - NOTA AL PIE DE IMPRENTA | |
| NOTA AL PIE DE IMPRENTA | Publicado con el nº 1990 de Monde Illustré, de 1895. |
| 700 1# - ENTRADA AGREGADA--NOMBRE PERSONAL | |
| Nombre de persona | Vauzanges, Louis-M. |
| 9 (RLIN) | 133575 |
| 852 ## - LOCALIZACIÓN | |
| Ubicación | ES-MaACL |
| Número de control de estantería | T-779-F-3 |
| Nota libre | -- Enc. hol. |
| condición física | -- Falto de la port. |
| Nota libre | -- Enc. en un vol. facticio |
| Estatus retirado | Estado de pérdida | Estado de daño | No para préstamo | Colección | Biblioteca de origen | Biblioteca actual | Ubicación en estantería | Fecha de adquisición | Total de préstamos | Signatura topográfica completa | Código de barras | Visto por última vez | Precio de reemplazo | Tipo de ítem Koha |
|---|---|---|---|---|---|---|---|---|---|---|---|---|---|---|
| Colección de folletos | Biblioteca del Ateneo de Madrid | Biblioteca del Ateneo de Madrid | Depósito folletos | 17/01/2008 | T-779-F-3 | 1161996 | 23/02/2023 | 23/02/2023 | Folleto |
